000 00341nam a2200169Ia 4500
100 _aNeogy/Jayant
650 _aGeneral
942 _cBK
366 _f20
654 _ainterview
245 _aSure success in Interviews
260 _bS.Chand and Co.
082 _a658.31124
_bNEO
300 _a148
546 _aENGLISH
999 _c34631
_d34631